书目信息 |
| 题名: |
继承法新解读
|
|
| 作者: | ;中国法制出版社 编 | |
| 分册: | ||
| 出版信息: | 北京 中国法制出版社 2010.04 |
|
| 页数: | 249页 | |
| 开本: | 21cm | |
| 丛书名: | 法律法规新解读 | |
| 单 册: | ||
| 中图分类: | D923.55 | |
| 科图分类: | ||
| 主题词: | 继承法--法律解释--中国 | |
| 电子资源: | ||
| ISBN: | 978-7-5093-1796-9 | |
| 000 | 00835nam 2200253 450 | |
| 001 | 012010610936 | |
| 005 | 20100527174104.48 | |
| 009 | 012004450506 | |
| 010 | @a978-7-5093-1796-9@dCNY23.00 | |
| 100 | @a20100515d2010 em y0chiy0110 ea | |
| 101 | 0 | @achi |
| 102 | @aCN@b110000 | |
| 105 | @ay zn 000yy | |
| 200 | 1 | @a继承法新解读@Aji cheng fa xin jie du@f中国法制出版社编@Fzhong guo fa zhi chu ban she bian |
| 210 | @a北京@c中国法制出版社@d2010.04 | |
| 215 | @a249页@d21cm | |
| 225 | 2 | @a法律法规新解读@v6 |
| 330 | @a本书对《继承法》进行详细解读,内容涉及总则、法定继承、遗嘱继承和遗赠、遗产的处理、附则等。 | |
| 410 | 0 | @12001 @a法律法规新解读@v6 |
| 606 | 0 | @a继承法@x法律解释@y中国 |
| 690 | @aD923.55@v4 | |
| 711 | 02 | @a中国法制出版社@Azhong guo fa zhi chu ban she@4编 |
| 801 | 0 | @aCN@c20100515 |
| 905 | @dD923.55@eZ558@f3 | |
| 继承法新解读/中国法制出版社编.-北京:中国法制出版社,2010.04 |
| 249页;21cm.-(法律法规新解读;6) |
| ISBN 978-7-5093-1796-9:CNY23.00 |
| 本书对《继承法》进行详细解读,内容涉及总则、法定继承、遗嘱继承和遗赠、遗产的处理、附则等。 |
| ● |
| 相关链接 |
|
|
|
正题名:继承法新解读
索取号:D923.55/Z558
 
预约/预借
| 序号 | 登录号 | 条形码 | 馆藏地/架位号 | 状态 | 备注 |